00391nam a2200133Ia 4500100002700000942000700027654001300034245002800047260003100075082001000106546001200116999001700128952011200145 aWilson/Frank W;Harvey  cBK aHandbook aTool Engineers Handbook bMcGraw HillaNEWYORKc1959 a621.9 aENGLISH c35391d35391 001040708AFTaCRCEbCRCEd2023-03-17g37.50iT-75l0o621.9 pAFT1604r2023-03-17v37.50w2023-03-17yBK